000
00286nam a2200109 4500
008
160702b xxu||||| |||| 00| 0 eng d
100
_9
1796
_a
Bhatia, R.L
245
_a
Graded Pictorial Grammer
260
_a
New Delhi
_b
Arya
_c
2005
300
_a
Graded Pictorial Grammer
942
_2
ddc
_c
BK
999
_c
1500
_d
1500